Normal view
MARC view
- اللغة العربية - تعلم اللغة الثانية
Entry Topical Term
001 - CONTROL NUMBER
- control field: 51511
003 - CONTROL NUMBER IDENTIFIER
- control field: JO-AjAnu
005 - DATE AND TIME OF LATEST TRANSACTION
- control field: 20230606082456.0
008 - FIXED-LENGTH DATA ELEMENTS
- fixed length control field: 230606|| aca||aabn | a|a d
040 ## - CATALOGING SOURCE
- Original cataloging agency: JO-AjAnu
- Transcribing agency: JO-AjAnu
150 ## - HEADING--TOPICAL TERM
- Topical term or geographic name entry element: اللغة العربية - تعلم اللغة الثانية
670 ## - SOURCE DATA FOUND
- Source citation: Work cat.: (JO-AjAnu)26329: وضع وترتيب شاكر، محمود, author 51510, مقدمة في اللغة العربية